000
00270nam a2200109Ia 4500
008
260210s9999 xx 000 0 und d
020
_a
9791189659370
100
_a
Archilab
245
0
_a
Neighborhood Facility Vol 6 (Price Printed)
260
_b
Archilab
942
_c
BPLAN
999
_c
14215
_d
14215